| 000 | 00600nam a2200193Ia 4500 | ||
|---|---|---|---|
| 003 | OSt | ||
| 005 | 20250701092337.0 | ||
| 008 | 210210b1991 xxu||||| |||| 00| 0 eng d | ||
| 040 | _cAL | ||
| 041 | _aKannada | ||
| 082 | _aK894.9 PUJV | ||
| 100 |
_aPUJARA (V G) _dಪೂಜಾರ (ವಿ ಜಿ) _9216653 |
||
| 245 |
_aVirashaiva sahityadalli pavadakathegalu _bವೀರಶೈವ ಸಾಹಿತ್ಯದಲ್ಲಿ ಪವಾಡಕಥೆಗಳು |
||
| 260 |
_aKalaburagi _bPustaka Akademi _c1991 |
||
| 300 | _a268,xvi | ||
| 690 |
_aKannada Criticism _9216654 |
||
| 906 | _a045365 | ||
| 942 |
_2ddc _cBK |
||
| 999 |
_c94558 _d94558 |
||